| 000 | 00933cam a2200313 4500 | ||
|---|---|---|---|
| 999 |
_c535027 _d535027 |
||
| 001 | 3685074 | ||
| 003 | NUST | ||
| 005 | 20200827115231.0 | ||
| 008 | 700506s1970 nyuac j b 001 0beng | ||
| 010 | _a 78095640 | ||
| 020 | _a0531009440 | ||
| 038 | _aAZHAR | ||
| 040 |
_aDLC _cDLC _dDLC |
||
| 042 | _alcac | ||
| 050 | 0 | 0 |
_aND623.B9 _bS7 |
| 082 | 0 | 0 |
_a730/.924 _aB _a92 |
| 100 | 1 |
_aStearns, Monroe. _929513 |
|
| 245 | 1 | 0 | _aMichelangelo. |
| 260 |
_aNew York, _bF. Watts _c[1970] |
||
| 300 |
_ax, 246 p. _billus., port. _c25 cm. |
||
| 350 | _a5.95 | ||
| 490 | 0 | _aImmortals of art | |
| 504 | _aBibliography: p. [237]-239. | ||
| 520 | _aThe life of the Renaissance sculptor, painter, architect, and poet. | ||
| 600 | 0 | 0 |
_aMichelangelo Buonarroti, _d1475-1564 _xJuvenile literature. _929514 |
| 600 | 0 | 1 |
_aMichelangelo Buonarroti, _d1475-1564. _929515 |
| 906 |
_a7 _bcbc _corignew _du _encip _f19 _gy-gencatlg |
||
| 942 |
_2ddc _cBK |
||